Continuous monitoring of inland excess water using medium resolution active and passive satellite data

Elmentve itt :
Bibliográfiai részletek
Szerző: Van Leeuwen Boudewijn
Dokumentumtípus: Disszertáció
Megjelent: 2021
Tárgyszavak:
mtmt:32557331
Online Access:http://publicatio.bibl.u-szeged.hu/23140
LEADER 00670nta a2200181 i 4500
001 publ23140
005 20220110111543.0
008 220110s2021 hu om 0|| angol d
024 7 |a 32557331  |2 mtmt 
040 |a SZTE Publicatio Repozitórium  |b hun 
041 |a angol 
100 2 |a Van Leeuwen Boudewijn 
245 1 0 |a Continuous monitoring of inland excess water using medium resolution active and passive satellite data  |h [elektronikus dokumentum] /  |c  Van Leeuwen Boudewijn 
260 |c 2021 
300 |a 21 
502 |a Disszertacio 
650 4 |a Föld- és kapcsolódó környezettudományok 
856 4 0 |u http://publicatio.bibl.u-szeged.hu/23140/1/tezisek.pdf  |z Dokumentum-elérés